000 00401nmm a2200145Ia 4500
008 251105s9999||||xx |||||||||||||||||und||
041 _aspa
100 _aStraub, Emma
245 0 _aAmantes modernos
264 _a[Madrid, España] :
_bEdiciones B,
_c2016
300 _a424 páginas
650 _aNorth American narrative
856 _uhttps://public.digitaliapublishing.com/a/54398
942 _cCF
999 _c106016
_d106016